书目信息 |
| 题名: |
治愈隐性虐待
|
|
| 作者: | 托马斯 著 ;高宜 译 | |
| 分册: | ||
| 出版信息: | 北京 人民邮电出版社 2020.09 |
|
| 页数: | 13, 215页 | |
| 开本: | 23cm | |
| 丛书名: | ||
| 单 册: | ||
| 中图分类: | B845.67 | |
| 科图分类: | ||
| 主题词: | 伤害--关系--心理--研究 | |
| 电子资源: | ||
| ISBN: | 978-7-115-53826-0 | |
| 000 | 01136nam0 2200265 450 | |
| 001 | 0102100422 | |
| 005 | 20210402100821.0 | |
| 010 | @a978-7-115-53826-0@dCNY69.00 | |
| 100 | @a20200905d2020 em y0chiy50 ea | |
| 101 | 1 | @achi@ceng |
| 102 | @aCN@b110000 | |
| 105 | @ay z 000yy | |
| 106 | @ar | |
| 200 | 1 | @a治愈隐性虐待@Azhi yu yin xing nue dai@e从心理虐待中康复的六阶段之旅@dHealing from hidden abuse@ea journey through the stages of recovery from psychological abuse@f(美)香农·托马斯(Shannon Thomas)著@g高宜译@zeng |
| 210 | @a北京@c人民邮电出版社@d2020.09 | |
| 215 | @a13, 215页@d23cm | |
| 300 | @a治愈系心理学 | |
| 330 | @a本书分2个部分的内容,第一部分介绍了幸存者、施虐者、和幸存者的共同性格特征,第二部分介绍从心理虐待中康复的六个阶段,包括绝望、学习、清醒、界限、恢复和维持。 | |
| 510 | 1 | @aHhealing from hidden abuse@ea journey through the stages of recovery from psychological abuse@zeng |
| 606 | 0 | @a伤害@x关系@x心理@x研究 |
| 690 | @aB845.67@v5 | |
| 701 | 0 | @c(美)@a托马斯@Atuo ma si@c(Thomas, Shannon)@4著 |
| 702 | 0 | @a高宜@Agao yi@4译 |
| 801 | 0 | @aCN@bBJSZM@c20210402 |
| 905 | @b1275989@dB845.67@e3746@f1 | |
| 治愈隐性虐待:从心理虐待中康复的六阶段之旅=Healing from hidden abuse:a journey through the stages of recovery from psychological abuse/(美)香农·托马斯(Shannon Thomas)著/高宜译.-北京:人民邮电出版社,2020.09 |
| 13, 215页;23cm |
| 治愈系心理学 |
| ISBN 978-7-115-53826-0:CNY69.00 |
| 本书分2个部分的内容,第一部分介绍了幸存者、施虐者、和幸存者的共同性格特征,第二部分介绍从心理虐待中康复的六个阶段,包括绝望、学习、清醒、界限、恢复和维持。 |
| ● |
| 相关链接 |
|
|
|
|
正题名:治愈隐性虐待
索取号:B845.67/3746
 
预约/预借
| 序号 | 登录号 | 条形码 | 馆藏地/架位号 | 状态 | 备注 |
| 1 | 1275989 | 212759898 | 第一样本阅览室/ [索取号:B845.67/3746] | 在馆 |